000 00568nam a2200133 a 4500
008 120416s2004 ||||||||||||||||| || u
050 _aCBU-UG THESIS/SAK
100 _aSakala, Limbikani
245 1 0 _aEvaluation of property management practices
246 _aa case of Kitwe Main Bus station (KMB)
260 _aKitwe
_bCopperbelt University, School of Built Environment, Department of Land Economy
_c2004
350 _a0.00
995 _D0.00
_FCBU-MAIN LIBRARY (Kitwe)
_H1
_I0.00
_UAVAILABLE
_ZUniversity Collection
999 _c42679
_d42679